LMA (Premier League) Manager of the Year - Statistics

General Stats
  • This quiz has been taken 24 times
  • The average score is 20 of 32
Answer Stats
Year Manager Club % Correct
1993 Alex Ferguson Manchester United
100%
1999 Alex Ferguson Manchester United
100%
2008 Alex Ferguson Manchester United
100%
2011 Alex Ferguson Manchester United
100%
2013 Alex Ferguson Manchester United
100%
2020 Jürgen Klopp Liverpool
100%
2022 Jürgen Klopp Liverpool
100%
2018 Pep Guardiola Manchester City
100%
2021 Pep Guardiola Manchester City
100%
2023 Pep Guardiola Manchester City
100%
2002 Arsène Wenger Arsenal
95%
2004 Arsène Wenger Arsenal
95%
2016 Claudio Ranieri Leicester City
95%
2017 Antonio Conte Chelsea
89%
2014 Brendan Rodgers Liverpool
74%
2003 David Moyes Everton
63%
2005 David Moyes Everton
63%
2009 David Moyes Everton
63%
2015 Eddie Howe AFC Bournemouth
63%
2012 Alan Pardew Newcastle United
42%
2019 Chris Wilder Sheffield United
42%
2024 Kieran McKenna Ipswich Town
42%
2000 Alan Curbishley Charlton Athletic
26%
2010 Roy Hodgson Fulham
26%
1997 Danny Wilson Barnsley
21%
1995 Frank Clark Nottingham Forest
21%
1996 Peter Reid Sunderland
21%
2006 Steve Coppell Reading
21%
2007 Steve Coppell Reading
21%
1998 Dave Jones Southampton
16%
2001 George Burley Ipswich Town
16%
1994 Joe Kinnear Wimbledon
16%
No matching quizzes found
Score Distribution
Percent of People with Each Score
Percentile by Number Answered
Your Score History
You have not taken this quiz